00508nam a2200181Ia 4500008004100000020001800041082000800059100002700067245002800094250000600122260003500128300001500163500002400178650001000202942000700212952009000219999001700309230524s9999 xx 000 0 und d a9789380856069 bRED aJaya Rami Reddy942230 2aA textbook of Hydrology a3 aNew DelhibLaxmi Publi.c2016 a"IX,509p;" aQuantity Number: 1 aCivil cBK 00104070aTATCLbTATCLcGENd2023-05-24l0o REDp53957r2023-05-24w2023-05-24yBK c56582d56582